[Event "Open Letní Praha 2018 - A"]
[Site "Praha"]
[Date "2018.08.05"]
[Round "3"]
[Board "17"]
[White "Berchtenbreiter, Maximilian"]
[Black "Pribyl, Viktor"]
[Result "1-0"]
[WhiteElo "2430"]
[BlackElo "1983"]
[PlyCount "45"]
[EventDate "2018.08.03"]
[EventRounds "9"]
[EventCountry "CZE"]

1. e4 c5 2. Nf3 d6 3. d4 cxd4 4. Nxd4 Nf6 5. Nc3 a6 6. Bg5 Nbd7 7. Qe2 h6 8.
Bh4 e5 9. Nf5 g6 10. Ne3 b5 11. f3 Qa5 12. O-O-O Be7 13. Kb1 Nb6 14. Rxd6 Bxd6
15. Bxf6 O-O 16. Qd2 Na4 17. Qxd6 Be6 18. Nxa4 Rfd8 19. Bxd8 Rxd8 20. b4 Bxa2+
21. Kb2 Qxa4 22. Qxd8+ Kh7 23. Qa5  1-0

[Event "Open Letní Praha 2018 - A"]
[Site "Praha"]
[Date "2018.08.05"]
[Round "3"]
[Board "18"]
[White "Vanek, Ladislav"]
[Black "Engesser, Jonas"]
[Result "0-1"]
[WhiteElo "2271"]
[BlackElo "2007"]
[PlyCount "78"]
[EventDate "2018.08.03"]
[EventRounds "9"]
[EventCountry "CZE"]

1. d4 Nf6 2. c4 c5 3. d5 b5 4. cxb5 a6 5. bxa6 g6 6. Nc3 Bxa6 7. e4 Bxf1 8.
Kxf1 d6 9. Nf3 Bg7 10. g3 O-O 11. Kg2 Nbd7 12. Qe2 Qa5 13. a4 Rfb8 14. Bd2 Rxb2
15. Nd1 Rxd2 16. Nxd2 Nxd5 17. Ra2 Nb4 18. Ra3 Nb6 19. Ne3 Nxa4 20. Qc4 Bb2 21.
Rb3 Nb6 22. Qe2 Qa2 23. Nc2 Nxc2 24. Rxb6 Nb4 25. Nc4 Bd4 26. Qxa2 Rxa2 27. Rb7
Rxf2+ 28. Kh3 Rc2 29. Na3 Ra2 30. Nb5 Bf6 31. Nc7 Nd3 32. Rb8+ Kg7 33. Ne8+ Kh6
34. Rhb1 Nf2+ 35. Kg2 Nxe4+ 36. Kh1 Bd4 37. R8b7 Nd2 38. Rxe7 Nf3 39. Rxf7
Rxh2#  0-1

[Event "Open Letní Praha 2018 - A"]
[Site "Praha"]
[Date "2018.08.05"]
[Round "3"]
[Board "19"]
[White "Kizatbay, Abyl"]
[Black "Zemlicka, Vit"]
[Result "1-0"]
[WhiteElo "2205"]
[BlackElo "1975"]
[PlyCount "143"]
[EventDate "2018.08.03"]
[EventRounds "9"]
[EventCountry "CZE"]

1. e4 e5 2. Nf3 Nc6 3. Bb5 a6 4. Ba4 Nf6 5. d3 d6 6. a3 g6 7. O-O Bg7 8. c3 O-O
9. Re1 Re8 10. Nbd2 b5 11. Bc2 d5 12. a4 b4 13. a5 Rb8 14. Ba4 Bd7 15. Nb3 Na7
16. Nc5 Bxa4 17. Qxa4 Qd6 18. cxb4 Nb5 19. Bd2 Nd7 20. Rac1 Nxc5 21. Rxc5 c6
22. Qc2 Na7 23. Rc1 Rb7 24. Qa4 Rd8 25. Re1 Rb5 26. Rec1 Rb7 27. Bc3 Rb5 28.
Be1 h6 29. h3 Rb7 30. Qc2 Kh7 31. g4 Qe6 32. Kg2 Bf8 33. exd5 cxd5 34. Rc7 Rd7
35. Rxd7 Rxd7 36. d4 f6 37. dxe5 fxe5 38. Qe2 Bd6 39. Bc3 Rc7 40. Qxa6 d4 41.
Bd2 Rf7 42. Qc4 Qf6 43. Qd5 Nb5 44. Qe4 Qe7 45. h4 Kg7 46. Re1 Qf8 47. Re2 Re7
48. Qd5 Qb8 49. h5 g5 50. Qe4 Qe8 51. Re1 Re6 52. Rc1 Be7 53. Qd5 Bf6 54. Qb7+
Re7 55. Qe4 Re6 56. Ne1 Nd6 57. Qc6 Qf7 58. a6 Nf5 59. Qb7 Re7 60. Qe4 Nh4+ 61.
Kg3 Qe6 62. Qd3 e4 63. Qc4 Be5+ 64. Kh3 Qf6 65. Qe2 d3 66. Qe3 Bd4 67. Qxd4
Qxd4 68. Bc3 Qxc3 69. bxc3 d2 70. Rd1 dxe1=Q 71. Rxe1 Nf3 72. Ra1  1-0

[Event "Open Letní Praha 2018 - A"]
[Site "Praha"]
[Date "2018.08.05"]
[Round "3"]
[Board "20"]
[White "Ochirbat, Lkhagvajamts"]
[Black "Ajay Krishna, S"]
[Result "0-1"]
[WhiteElo "2007"]
[BlackElo "2200"]
[PlyCount "106"]
[EventDate "2018.08.03"]
[EventRounds "9"]
[EventCountry "CZE"]

1. Nf3 c5 2. c4 g6 3. g3 Bg7 4. Bg2 Nc6 5. Nc3 e6 6. O-O Nge7 7. d3 d5 8. cxd5
exd5 9. Bf4 O-O 10. Rc1 h6 11. h4 b6 12. Qd2 Kh7 13. d4 c4 14. Ne5 Be6 15. Rfd1
Rc8 16. e4 Na5 17. Qe2 Re8 18. exd5 Nxd5 19. Qf3 Nxf4 20. Qxf4 Qc7 21. Nd5 Bxd5
22. Bxd5 Bxe5 23. dxe5 Qxe5 24. Qxf7+ Qg7 25. Qxg7+ Kxg7 26. b4 cxb3 27. axb3
Rxc1 28. Rxc1 Rd8 29. Rc7+ Kf6 30. Bc4 Nxc4 31. Rxc4 Ke5 32. Kg2 Rd3 33. b4 a6
34. Rc6 Rd6 35. Rc7 Kd5 36. g4 h5 37. Kg3 Rc6 38. Rh7 hxg4 39. Kxg4 Kc4 40. Kg5
Kxb4 41. f4 a5 42. h5 gxh5 43. f5 b5 44. f6 a4 45. Rg7 Rc8 46. f7 Rf8 47. Kxh5
a3 48. Rg4+ Ka5 49. Kg6 a2 50. Rg1 b4 51. Kg7 Rxf7+ 52. Kxf7 b3 53. Ke6 b2  0-1

[Event "Open Letní Praha 2018 - A"]
[Site "Praha"]
[Date "2018.08.05"]
[Round "3"]
[Board "21"]
[White "Hald, Jens Erik Kofoed"]
[Black "Chmel, Kristian"]
[Result "0-1"]
[WhiteElo "1990"]
[BlackElo "2166"]
[PlyCount "74"]
[EventDate "2018.08.03"]
[EventRounds "9"]
[EventCountry "CZE"]

1. Nf3 Nf6 2. g3 g6 3. Bg2 Bg7 4. d3 d5 5. O-O O-O 6. Nbd2 c5 7. e4 dxe4 8.
dxe4 Nc6 9. c3 Qc7 10. Qe2 Nd7 11. Rd1 Nb6 12. Nf1 Bg4 13. h3 Bxf3 14. Bxf3
Rad8 15. Bf4 Qc8 16. h4 Ne5 17. Nh2 h5 18. Bg5 Qe6 19. Be3 c4 20. Bd4 Nd3 21.
Bxg7 Kxg7 22. a4 Nd7 23. Bg2 N7c5 24. f4 Qb6 25. a5 Qxb2 26. Qe3 Qxc3 27. Nf3
Nb3 28. Rab1 Qxa5 29. Rxb3 cxb3 30. Rxd3 Qa1+ 31. Kh2 b2 32. Nd2 b1=Q 33. Nxb1
Qxb1 34. Rb3 Qc2 35. Rxb7 Rd2 36. Qg1 Rfd8 37. Rxe7 Rxg2+  0-1

[Event "Open Letní Praha 2018 - A"]
[Site "Praha"]
[Date "2018.08.05"]
[Round "3"]
[Board "22"]
[White "Plesek, Jiri"]
[Black "Lacina, Filip"]
[Result "1-0"]
[WhiteElo "2165"]
[BlackElo "1936"]
[PlyCount "61"]
[EventDate "2018.08.03"]
[EventRounds "9"]
[EventCountry "CZE"]

1. Nf3 d5 2. c4 e6 3. g3 Nf6 4. Bg2 c5 5. O-O Nc6 6. e3 d4 7. exd4 cxd4 8. Re1
Bd6 9. d3 O-O 10. Bg5 e5 11. Nbd2 h6 12. Bxf6 Qxf6 13. Ne4 Qe7 14. Nxd6 Qxd6
15. b4 Bg4 16. b5 Ne7 17. Qc2 f6 18. Nd2 Qd7 19. Qb3 Be6 20. a4 Rad8 21. Qa3
Rfe8 22. Ne4 b6 23. a5 f5 24. Nd2 Ng6 25. axb6 axb6 26. Bc6 Qf7 27. Qa7 Qf6 28.
Bxe8 Rxe8 29. Qxb6 e4 30. Qc6 Rf8 31. Ra6  1-0

[Event "Open Letní Praha 2018 - A"]
[Site "Praha"]
[Date "2018.08.05"]
[Round "3"]
[Board "23"]
[White "Krivanek, Vladimir"]
[Black "Sim, Jia Ru"]
[Result "1/2-1/2"]
[WhiteElo "2147"]
[BlackElo "1930"]
[PlyCount "131"]
[EventDate "2018.08.03"]
[EventRounds "9"]
[EventCountry "CZE"]

1. Nf3 d5 2. e3 c5 3. b3 Nc6 4. Bb2 Nf6 5. Bb5 Qb6 6. a4 a6 7. Be2 Bf5 8. O-O
e6 9. d3 Rd8 10. Nh4 Bg6 11. Nd2 Be7 12. Re1 e5 13. Nf1 c4 14. Ng3 O-O 15. Ngf5
Rfe8 16. Nxg6 hxg6 17. Nxe7+ Rxe7 18. Ba3 Rc7 19. Qb1 cxd3 20. cxd3 a5 21. Qb2
d4 22. e4 Nb4 23. Rac1 Rdc8 24. Rc4 Na6 25. Qc2 Qe6 26. Rc1 Nd7 27. Qd2 Rxc4
28. bxc4 Ndc5 29. Rb1 b6 30. Bd1 Qc6 31. f4 exf4 32. Bc2 Ne6 33. Rf1 Nac5 34.
Qd1 Nd7 35. Bc1 g5 36. g3 Qd6 37. Kg2 Nf6 38. Qe2 Qe5 39. Bd1 Kh7 40. Qf2 fxg3
41. hxg3 Rh8 42. Qf5+ Qxf5 43. exf5 Nc5 44. Rh1+ Kg8 45. Rxh8+ Kxh8 46. Bc2 Ng4
47. Bxg5 f6 48. Bf4 Ne5 49. Kf1 Kg8 50. Kg2 Kf7 51. Kh3 Ke7 52. g4 Kd7 53. Bxe5
fxe5 54. g5 Ke7 55. Kg4 e4 56. dxe4 d3 57. Bb1 d2 58. Bc2 Nxe4 59. Kf4 Nc3 60.
Ke5 d1=Q 61. Bxd1 Nxd1 62. f6+ gxf6+ 63. gxf6+ Kd7 64. f7 Ke7 65. c5 bxc5 66.
Kd5  1/2-1/2

[Event "Open Letní Praha 2018 - A"]
[Site "Praha"]
[Date "2018.08.05"]
[Round "3"]
[Board "25"]
[White "Slacky, Stanislav"]
[Black "Kucera, Tomas"]
[Result "1-0"]
[WhiteElo "2138"]
[BlackElo "1917"]
[PlyCount "91"]
[EventDate "2018.08.03"]
[EventRounds "9"]
[EventCountry "CZE"]

1. d4 Nf6 2. c4 g6 3. Nf3 Bg7 4. g3 O-O 5. Bg2 d6 6. Nc3 Nbd7 7. O-O e5 8. e4
exd4 9. Nxd4 Re8 10. f3 c6 11. Bf4 Ne5 12. b3 Qa5 13. Qd2 Bd7 14. Rad1 Nh5 15.
Be3 Rad8 16. g4 Nf6 17. Bg5 Qb6 18. Kh1 Bc8 19. Qf4 Ned7 20. Nde2 Re6 21. Rd2
Qb4 22. Rfd1 Nf8 23. Rd3 Rd7 24. Nd4 Ne8 25. Qe3 Re5 26. Bh4 Ne6 27. Nc2 Qc5
28. Qd2 h5 29. Bf2 Qa5 30. b4 Qa6 31. f4 Nxf4 32. Qxf4 Qxc4 33. a3 Ree7 34. Ne3
Qa6 35. gxh5 Qxa3 36. Ncd5 Qb2 37. Nc4 Qa2 38. Nxe7+ Rxe7 39. Nxd6 Be5 40. Qh4
Bf6 41. Qg3 Be5 42. Nxc8 Bxg3 43. Nxe7+ Kf8 44. Bxg3 Kxe7 45. h6 Qb2 46. e5  1-0

[Event "Open Letní Praha 2018 - A"]
[Site "Praha"]
[Date "2018.08.05"]
[Round "3"]
[Board "26"]
[White "Novak, Vaclav"]
[Black "Ladron De Guevara Galar, Fco J"]
[Result "0-1"]
[WhiteElo "1932"]
[BlackElo "2128"]
[PlyCount "80"]
[EventDate "2018.08.03"]
[EventRounds "9"]
[EventCountry "CZE"]

1. e4 e5 2. Nf3 Nc6 3. Bc4 Nf6 4. d3 Bc5 5. c3 a6 6. b4 Ba7 7. Bg5 h6 8. Bh4 d6
9. Nbd2 g5 10. Bg3 O-O 11. Nf1 b5 12. Bb3 Ne7 13. Qd2 Ng6 14. h4 Nh7 15. hxg5
hxg5 16. Rxh7 Kxh7 17. Nxg5+ Kg7 18. O-O-O Qf6 19. Nf3 Be6 20. Ne3 Bxe3 21.
Qxe3 Bxb3 22. axb3 a5 23. Rh1 Rh8 24. Rxh8 Nxh8 25. bxa5 Rxa5 26. Nh4 Ng6 27.
Nf5+ Kf8 28. Qh6+ Ke8 29. Bh4 Qh8 30. Qg5 Kd7 31. g3 Ra1+ 32. Kd2 Nxh4 33. gxh4
f6 34. Qg4 Kc6 35. h5 Qa8 36. Ne3 Qa2+ 37. Nc2 Qb2 38. d4 Rc1 39. d5+ Kb7 40.
Qd1 Rxd1+  0-1

[Event "Open Letní Praha 2018 - A"]
[Site "Praha"]
[Date "2018.08.05"]
[Round "3"]
[Board "27"]
[White "Sargsjan, Karen"]
[Black "Itgelt, Khuyagtsogt"]
[Result "0-1"]
[WhiteElo "1911"]
[BlackElo "2119"]
[PlyCount "58"]
[EventDate "2018.08.03"]
[EventRounds "9"]
[EventCountry "CZE"]

1. e4 e6 2. d4 d5 3. exd5 Qxd5 4. Nf3 Nf6 5. Bd3 Be7 6. O-O O-O 7. c4 Qd8 8.
Nc3 b6 9. Re1 Bb7 10. a3 Nbd7 11. h3 a6 12. b4 Re8 13. Bf4 Nf8 14. Ne5 Ng6 15.
Bh2 Bf8 16. c5 Nxe5 17. dxe5 Nd5 18. Ne4 a5 19. Rb1 axb4 20. axb4 Ra3 21. Rb3
Qa8 22. Qc2 Rd8 23. Bc4 Rxb3 24. Qxb3 h6 25. cxb6 Nxb6 26. Bd3 Rd4 27. Nc5 Bxg2
28. Nxe6 Bxh3 29. f3 Bxe6  0-1

[Event "Open Letní Praha 2018 - A"]
[Site "Praha"]
[Date "2018.08.05"]
[Round "3"]
[Board "28"]
[White "Dave, Dhyani"]
[Black "Seregina, Maria"]
[Result "1/2-1/2"]
[WhiteElo "2114"]
[BlackElo "1882"]
[PlyCount "59"]
[EventDate "2018.08.03"]
[EventRounds "9"]
[EventCountry "CZE"]

1. e4 Nc6 2. d4 d5 3. e5 Bf5 4. c3 e6 5. Nf3 f6 6. exf6 Nxf6 7. Bf4 Bd6 8. Bg3
Bxg3 9. hxg3 Qd6 10. Bb5 O-O 11. O-O a6 12. Be2 e5 13. Nxe5 Nxe5 14. dxe5 Qxe5
15. Nd2 Rad8 16. Nf3 Qd6 17. Nd4 Bg6 18. Bf3 c5 19. Nb3 Qb6 20. Qd2 d4 21. cxd4
c4 22. Na5 Rxd4 23. Qc3 Bd3 24. Rfd1 Nd5 25. Qe1 Nb4 26. Qe5 Rf5 27. Qe8+ Rf8
28. Qe5 Rf5 29. Qe8+ Rf8 30. Qe5  1/2-1/2

[Event "Open Letní Praha 2018 - A"]
[Site "Praha"]
[Date "2018.08.05"]
[Round "3"]
[Board "29"]
[White "Boernsen, Frederik"]
[Black "Molkanov, Oleg"]
[Result "1/2-1/2"]
[WhiteElo "1909"]
[BlackElo "2112"]
[PlyCount "75"]
[EventDate "2018.08.03"]
[EventRounds "9"]
[EventCountry "CZE"]

1. e4 c6 2. d4 d5 3. exd5 cxd5 4. Bd3 Nc6 5. c3 Nf6 6. f4 Bg4 7. Nf3 e6 8. O-O
Bd6 9. Qe1 O-O 10. Ne5 Bf5 11. Rf3 Bxd3 12. Nxd3 Ne4 13. f5 exf5 14. Rxf5 Re8
15. Rf3 Nc5 16. Qf1 Nxd3 17. Rxd3 Qc7 18. Rh3 Re6 19. Na3 Rae8 20. Bd2 Re2 21.
Nb5 Qb8 22. Nxd6 Qxd6 23. Re1 Rxe1 24. Bxe1 Qe6 25. Bd2 Qe2 26. Qxe2 Rxe2 27.
Re3 Rxe3 28. Bxe3 Kf8 29. Kf2 b5 30. b3 a5 31. a4 bxa4 32. bxa4 Ke7 33. Bc1 Nd8
34. Ke3 Nb7 35. Ba3+ Kd7 36. Bf8 g6 37. Kf4 f6 38. h4  1/2-1/2

[Event "Open Letní Praha 2018 - A"]
[Site "Praha"]
[Date "2018.08.05"]
[Round "3"]
[Board "30"]
[White "Trapl, Dalibor"]
[Black "Bartos, Miroslav"]
[Result "1-0"]
[WhiteElo "2111"]
[BlackElo "1870"]
[PlyCount "75"]
[EventDate "2018.08.03"]
[EventRounds "9"]
[EventCountry "CZE"]

1. e4 g6 2. d4 Bg7 3. Nc3 d6 4. Be3 a6 5. a4 b6 6. f4 Bb7 7. Bd3 Nc6 8. d5 Nb8
9. Nf3 Nf6 10. h3 c6 11. dxc6 Nxc6 12. O-O O-O 13. Qe2 Nb4 14. Qf2 Nxd3 15.
cxd3 Nd7 16. f5 Nc5 17. Qh4 Bxc3 18. bxc3 f6 19. fxg6 hxg6 20. Qh6 Rf7 21. Nh4
Rh7 22. Qxg6+ Rg7 23. Qf5 Bc8 24. Qf3 Bd7 25. Bh6 Qe8 26. Bxg7 Kxg7 27. Nf5+
Bxf5 28. exf5 Rc8 29. Qg3+ Kf7 30. Qg6+ Kf8 31. Qh6+ Kf7 32. Rf4 Qh8 33. Qg6+
Kf8 34. Qg3 Qg8 35. Rg4 Qf7 36. Re1 b5 37. axb5 axb5 38. Rh4  1-0

[Event "Open Letní Praha 2018 - A"]
[Site "Praha"]
[Date "2018.08.05"]
[Round "3"]
[Board "31"]
[White "Fuglestein, Sander"]
[Black "Kaderabek, Jiri"]
[Result "1/2-1/2"]
[WhiteElo "1885"]
[BlackElo "2104"]
[PlyCount "74"]
[EventDate "2018.08.03"]
[EventRounds "9"]
[EventCountry "CZE"]

1. d4 Nf6 2. Nf3 b6 3. g3 Bb7 4. Bg2 g6 5. O-O Bg7 6. c4 O-O 7. Nc3 d6 8. Qc2
c5 9. d5 a6 10. a4 Nbd7 11. e4 Ne8 12. Be3 Nc7 13. Nd2 e6 14. Rfd1 Rb8 15. Qd3
e5 16. Nf1 Bc8 17. Qd2 b5 18. axb5 axb5 19. b3 bxc4 20. bxc4 Ba6 21. Qa2 Rb4
22. Nd2 f5 23. f3 f4 24. Bf2 fxg3 25. hxg3 Bh6 26. Ncb1 Nb6 27. Bf1 Qd7 28. Qc2
Rb8 29. Ra2 Bb7 30. Re1 Ra8 31. Rxa8+ Ncxa8 32. Be3 Bxe3+ 33. Rxe3 Qa4 34. Qxa4
Nxa4 35. Nc3 Ba6 36. Nxa4 Rxa4 37. Rb3 Rb4  1/2-1/2

[Event "Open Letní Praha 2018 - A"]
[Site "Praha"]
[Date "2018.08.05"]
[Round "4"]
[Board "1"]
[White "Phadke, Sohan"]
[Black "Turner, Matthew"]
[Result "1/2-1/2"]
[WhiteElo "2245"]
[BlackElo "2533"]
[PlyCount "52"]
[EventDate "2018.08.03"]
[EventRounds "9"]
[EventCountry "CZE"]

1. e4 e5 2. Nf3 Nc6 3. Nc3 Nf6 4. d4 Bb4 5. a3 Bxc3+ 6. bxc3 Qe7 7. d5 Nb8 8.
Bd3 d6 9. Nd2 Nbd7 10. Nf1 Nf8 11. Rb1 Ng6 12. g3 Bh3 13. Ne3 b6 14. Nf5 Bxf5
15. exf5 Nf8 16. Bb5+ N8d7 17. O-O Kf8 18. Re1 Nc5 19. f4 Rd8 20. a4 g6 21.
fxe5 dxe5 22. c4 a6 23. Bc6 Nce4 24. Qd3 gxf5 25. Ba3 Nd6 26. Bxd6 Qxd6  1/2-1/2

[Event "Open Letní Praha 2018 - A"]
[Site "Praha"]
[Date "2018.08.05"]
[Round "4"]
[Board "2"]
[White "Pulpan, Jakub"]
[Black "Ciolek, Andreas"]
[Result "1/2-1/2"]
[WhiteElo "2400"]
[BlackElo "2216"]
[PlyCount "47"]
[EventDate "2018.08.03"]
[EventRounds "9"]
[EventCountry "CZE"]

1. e4 c5 2. Nf3 d6 3. d4 cxd4 4. Nxd4 Nf6 5. Nc3 a6 6. Be2 e5 7. Nb3 Be7 8. O-O
O-O 9. Qd3 Be6 10. Nd5 Bxd5 11. exd5 Nbd7 12. Bd2 Ne8 13. Na5 Nc5 14. Qa3 f5
15. Be3 Qc7 16. f3 Nf6 17. b4 Ncd7 18. c4 f4 19. Bf2 e4 20. Bd4 e3 21. Rac1 Kh8
22. Rfd1 Nh5 23. Bd3 Bh4 24. Rc2  1/2-1/2

[Event "Open Letní Praha 2018 - A"]
[Site "Praha"]
[Date "2018.08.05"]
[Round "4"]
[Board "3"]
[White "Hrdina, Robin"]
[Black "Mirzoeva, Elmira"]
[Result "1/2-1/2"]
[WhiteElo "2219"]
[BlackElo "2290"]
[PlyCount "83"]
[EventDate "2018.08.03"]
[EventRounds "9"]
[EventCountry "CZE"]

1. b3 e5 2. Bb2 Nc6 3. e3 g6 4. c4 Bg7 5. Nc3 f5 6. g3 Nf6 7. Bg2 O-O 8. Nge2
d6 9. Nd5 Ne7 10. Nxf6+ Bxf6 11. O-O d5 12. cxd5 Nxd5 13. d4 e4 14. Nf4 Nxf4
15. gxf4 Be6 16. Qc2 c6 17. f3 exf3 18. Bxf3 Re8 19. Rae1 a5 20. Be2 Bd5 21.
Bc4 Kh8 22. Bxd5 Qxd5 23. Qc4 Qe4 24. Re2 Re6 25. a4 Rd8 26. d5 Rxd5 27. Bxf6+
Rxf6 28. Qxe4 fxe4 29. Rc1 Rd3 30. Rc4 Rxb3 31. Rxe4 Kg7 32. Rd2 h5 33. Re7+
Rf7 34. Re6 Kh7 35. Rdd6 Rg7 36. h4 Rb4 37. Re8 Rxa4 38. Rdd8 Rf7 39. e4 Ra1+
40. Kg2 Ra2+ 41. Kg3 Ra3+ 42. Kg2  1/2-1/2

[Event "Open Letní Praha 2018 - A"]
[Site "Praha"]
[Date "2018.08.05"]
[Round "4"]
[Board "4"]
[White "Plischki, Sebastian"]
[Black "Jedlicka, Ales"]
[Result "1-0"]
[WhiteElo "2407"]
[BlackElo "2253"]
[PlyCount "89"]
[EventDate "2018.08.03"]
[EventRounds "9"]
[EventCountry "CZE"]

1. d4 Nf6 2. c4 e6 3. Nf3 Bb4+ 4. Bd2 Qe7 5. g3 Nc6 6. Nc3 Bxc3 7. Bxc3 Ne4 8.
Rc1 O-O 9. Bg2 d6 10. d5 Nxc3 11. Rxc3 Nb8 12. dxe6 fxe6 13. Nd4 c6 14. O-O Nd7
15. e4 Nf6 16. Rd3 e5 17. Nc2 Be6 18. Ne3 Rad8 19. b3 Rd7 20. Qe2 a6 21. Rfd1
Rfd8 22. h3 Qf7 23. R1d2 Qg6 24. Nd1 h5 25. Nc3 h4 26. f4 exf4 27. gxf4 Qh6 28.
Qf2 b5 29. cxb5 axb5 30. Ne2 c5 31. Nc3 c4 32. bxc4 Bxc4 33. Rd4 Nh5 34. e5 Rf8
35. Qxh4 Rxf4 36. Rxf4 Qxf4 37. Qxh5 Qxd2 38. Qe8+ Kh7 39. Be4+ g6 40. Qxd7+
Kh6 41. Qg4 Qe1+ 42. Kh2 Qf2+ 43. Qg2 Qf4+ 44. Qg3 Qd2+ 45. Bg2  1-0

[Event "Open Letní Praha 2018 - A"]
[Site "Praha"]
[Date "2018.08.05"]
[Round "4"]
[Board "5"]
[White "Skalsky, Alexandr"]
[Black "Kulhanek, Tomas"]
[Result "1/2-1/2"]
[WhiteElo "2177"]
[BlackElo "2314"]
[PlyCount "65"]
[EventDate "2018.08.03"]
[EventRounds "9"]
[EventCountry "CZE"]

1. e4 g6 2. d4 Bg7 3. Nc3 d6 4. Be3 a6 5. h4 h6 6. f3 b5 7. g4 Bb7 8. Bd3 Nd7
9. a4 c5 10. dxc5 b4 11. Nce2 dxc5 12. b3 Bxa1 13. Qxa1 e5 14. Bxc5 Qa5 15. Be3
Ne7 16. Nh3 O-O-O 17. Nf2 f5 18. O-O Kb8 19. c3 fxg4 20. cxb4 Qxb4 21. Nxg4 Nc6
22. Rc1 Qe7 23. Bxa6 Bxa6 24. Rxc6 Kb7 25. Rc2 Rhf8 26. Bxh6 Rxf3 27. Bg5 Qe6
28. Nh2 Qb6+ 29. Kh1 Rxb3 30. Bxd8 Rb1+ 31. Kg2 Rxa1 32. Bxb6 Nxb6 33. Nc3
 1/2-1/2

[Event "Open Letní Praha 2018 - A"]
[Site "Praha"]
[Date "2018.08.05"]
[Round "4"]
[Board "6"]
[White "Yandarbiev, Ruslan"]
[Black "Olson, Hamish"]
[Result "1/2-1/2"]
[WhiteElo "2314"]
[BlackElo "2241"]
[PlyCount "79"]
[EventDate "2018.08.03"]
[EventRounds "9"]
[EventCountry "CZE"]

1. e4 e5 2. Nf3 Nc6 3. Bb5 Nf6 4. d3 Bc5 5. Bxc6 dxc6 6. h3 Be6 7. a3 Bb6 8.
O-O Nd7 9. Ng5 Nf8 10. a4 a5 11. Na3 Bc5 12. Bd2 Bxa3 13. Rxa3 f6 14. Qh5+ g6
15. Nxe6 Nxe6 16. Qg4 Qd6 17. f4 exf4 18. Bxf4 Nxf4 19. Qxf4 Qxf4 20. Rxf4 Ke7
21. Rb3 b6 22. Rc3 c5 23. d4 Rab8 24. dxc5 b5 25. b3 bxa4 26. e5 f5 27. Rxa4
Rb5 28. Rd4 Rd8 29. Rxd8 Kxd8 30. Rd3+ Ke8 31. c4 Rb4 32. e6 Ke7 33. Rd7+ Kxe6
34. Rxh7 Rxb3 35. Rxc7 Rb4 36. Rc6+ Kf7 37. Kf2 a4 38. Ke3 a3 39. Ra6 Rxc4 40.
Rxa3  1/2-1/2

[Event "Open Letní Praha 2018 - A"]
[Site "Praha"]
[Date "2018.08.05"]
[Round "4"]
[Board "7"]
[White "Sprenar, Petr"]
[Black "Gan-Erdene, Sugar"]
[Result "0-1"]
[WhiteElo "2210"]
[BlackElo "2309"]
[PlyCount "68"]
[EventDate "2018.08.03"]
[EventRounds "9"]
[EventCountry "CZE"]

1. d4 Nf6 2. c4 g6 3. Nf3 Bg7 4. g3 O-O 5. Bg2 d6 6. O-O c6 7. Nc3 Bf5 8. Nh4
Be6 9. d5 cxd5 10. cxd5 Bd7 11. Qb3 Na6 12. Qxb7 Nc5 13. Qb4 Rb8 14. Qf4 Ng4
15. Nf3 Qa5 16. h3 Ne5 17. Nd2 Na4 18. Nxa4 Qxa4 19. Qxa4 Bxa4 20. b3 Bb5 21.
Bb2 Bxe2 22. Rfe1 Ba6 23. Bf1 Bb7 24. Bc4 Nf3+ 25. Nxf3 Bxb2 26. Rad1 e5 27.
dxe6 Bxf3 28. e7 Rfe8 29. Rxd6 Kg7 30. Re3 Ba8 31. a4 Bf6 32. Ra6 Rb7 33. Rf3
Rb6 34. Rxb6 axb6  0-1

[Event "Open Letní Praha 2018 - A"]
[Site "Praha"]
[Date "2018.08.05"]
[Round "4"]
[Board "8"]
[White "Neuman, Petr"]
[Black "Chudinovskikh, Alexander M"]
[Result "1-0"]
[WhiteElo "2446"]
[BlackElo "2211"]
[PlyCount "110"]
[EventDate "2018.08.03"]
[EventRounds "9"]
[EventCountry "CZE"]

1. e4 e5 2. Nf3 Nc6 3. d4 exd4 4. Nxd4 Nf6 5. Nxc6 bxc6 6. e5 Qe7 7. Qe2 Nd5 8.
c4 Ba6 9. b3 g6 10. f4 d6 11. Qf2 Nf6 12. Be2 dxe5 13. f5 Ne4 14. Qf3 gxf5 15.
Qxf5 Nd6 16. Qh5 Bc8 17. O-O Bg7 18. Bg5 Qd7 19. Bh6 O-O 20. Bxg7 Kxg7 21. Qg5+
Kh8 22. Qf6+ Kg8 23. Qg5+ Kh8 24. Qxe5+ f6 25. Rxf6 Rxf6 26. Qxf6+ Qg7 27. Qd8+
Qg8 28. Qf6+ Qg7 29. Qd8+ Qg8 30. Qxg8+ Kxg8 31. Bf3 Bd7 32. Nc3 Re8 33. Rd1
Re7 34. Ne2 Kf7 35. Kf2 Kf6 36. Nd4 Ne4+ 37. Bxe4 Rxe4 38. Nf3 Re7 39. Re1 Rg7
40. Re5 Rg8 41. Rh5 Bf5 42. h3 Rd8 43. g4 Be4 44. Ke3 Re8 45. Ra5 Bg6+ 46. Kf2
Bd3 47. g5+ Kg7 48. Re5 Rf8 49. Re7+ Kg6 50. Kg3 Bb1 51. a3 Ba2 52. b4 Kf5 53.
Re5+ Kg6 54. Rc5 Bb1 55. Rxc6+ Kf5  1-0

[Event "Open Letní Praha 2018 - A"]
[Site "Praha"]
[Date "2018.08.05"]
[Round "4"]
[Board "9"]
[White "Gasanov, Eldar"]
[Black "Plesek, Jiri"]
[Result "1-0"]
[WhiteElo "2481"]
[BlackElo "2165"]
[PlyCount "47"]
[EventDate "2018.08.03"]
[EventRounds "9"]
[EventCountry "CZE"]

1. d4 f5 2. Nf3 Nf6 3. Bg5 e6 4. Nbd2 Be7 5. e3 d5 6. c4 c6 7. Bd3 O-O 8. O-O
Ne4 9. Bxe7 Qxe7 10. a3 a5 11. Ne5 Na6 12. f3 Nf6 13. Qc2 Nd7 14. f4 Nf6 15.
Nb3 Nc7 16. Nc5 Ne4 17. b4 Nxc5 18. bxc5 dxc4 19. Nxc4 Nd5 20. e4 fxe4 21. Bxe4
Rxf4 22. Bxh7+ Kh8 23. Ne5 Ne3 24. Qd3  1-0

[Event "Open Letní Praha 2018 - A"]
[Site "Praha"]
[Date "2018.08.05"]
[Round "4"]
[Board "10"]
[White "Chmel, Kristian"]
[Black "Jurcik, Marian"]
[Result "1/2-1/2"]
[WhiteElo "2166"]
[BlackElo "2455"]
[PlyCount "199"]
[EventDate "2018.08.03"]
[EventRounds "9"]
[EventCountry "CZE"]

1. e4 c5 2. Nf3 e6 3. b3 a6 4. Bb2 Nc6 5. d4 cxd4 6. Nxd4 Qf6 7. c3 Bc5 8. Be2
Qg6 9. O-O Nf6 10. Nxc6 bxc6 11. e5 Nd5 12. Bf3 Nf4 13. Ba3 Bxa3 14. Nxa3 O-O
15. Nc4 f6 16. Nb6 Rb8 17. Nxd7 Bxd7 18. Qxd7 fxe5 19. Rae1 Rbd8 20. Qxc6 Rd2
21. Kh1 Nd3 22. Re2 Nxf2+ 23. Kg1 Nh3+ 24. Kh1 Rxe2 25. Bxe2 Nf4 26. Bc4 Rd8
27. g3 Nd5 28. Bxd5 exd5 29. Qxg6 hxg6 30. Kg2 e4 31. Kf2 Rc8 32. Rd1 Rxc3 33.
Rxd5 Rc2+ 34. Ke3 Rxa2 35. Kxe4 Re2+ 36. Kf4 Rxh2 37. Ra5 Rf2+ 38. Kg4 Rf6 39.
Kg5 Rb6 40. g4 Kf7 41. Rc5 Rxb3 42. Rc7+ Kg8 43. Rc6 Kh7 44. Rxa6 Rb5+ 45. Kf4
Kh6 46. Ra3 Rb4+ 47. Kg3 Rb1 48. Ra5 Rb3+ 49. Kg2 Kh7 50. Rc5 Kg8 51. Ra5 Kf7
52. Rc5 Kf6 53. Ra5 Re3 54. Rb5 Re5 55. Rb3 Kg5 56. Kg3 Ra5 57. Rc3 Ra1 58.
Rc5+ Kh6 59. Rb5 Ra3+ 60. Kg2 Kh7 61. Rc5 Rd3 62. Ra5 Kg8 63. Rb5 Kf7 64. Ra5
Ke6 65. Rg5 Kf6 66. Ra5 Re3 67. Rb5 Re5 68. Rb3 Rd5 69. Kg3 g5 70. Re3 Re5 71.
Ra3 Re1 72. Rf3+ Ke6 73. Ra3 Rd1 74. Re3+ Kd6 75. Rf3 Rd5 76. Re3 Rd4 77. Ra3
Ke5 78. Re3+ Kd5 79. Re7 Rd3+ 80. Kg2 g6 81. Re8 Ra3 82. Kf2 Ra6 83. Kf3 Rf6+
84. Kg3 Re6 85. Ra8 Re3+ 86. Kf2 Rc3 87. Ra5+ Rc5 88. Ra6 Ke5 89. Rxg6 Kf4 90.
Ra6 Rc2+ 91. Kg1 Kxg4 92. Ra3 Kf4 93. Rb3 Re2 94. Ra3 Re3 95. Rxe3 Kxe3 96. Kg2
Kf4 97. Kf2 g4 98. Kg2 g3 99. Kg1 g2 100. Kxg2  1/2-1/2

[Event "Open Letní Praha 2018 - A"]
[Site "Praha"]
[Date "2018.08.05"]
[Round "4"]
[Board "11"]
[White "Ladron De Guevara Galar, Fco J"]
[Black "Berchtenbreiter, Maximilian"]
[Result "0-1"]
[WhiteElo "2128"]
[BlackElo "2430"]
[PlyCount "80"]
[EventDate "2018.08.03"]
[EventRounds "9"]
[EventCountry "CZE"]

1. d4 Nf6 2. c4 a6 3. Nf3 c5 4. d5 e6 5. a4 exd5 6. cxd5 Bd6 7. Nc3 O-O 8. Bg5
Re8 9. e3 h6 10. Bh4 Bf8 11. Bd3 d6 12. h3 Nbd7 13. O-O g5 14. Bg3 Nh5 15. Bh2
Ndf6 16. g4 Ng7 17. e4 c4 18. Bxc4 Nxe4 19. Nxe4 Rxe4 20. Bd3 Rb4 21. Bc2 f5
22. Qd2 a5 23. Nd4 Qf6 24. Rad1 Bd7 25. f4 Rc8 26. Nxf5 Nxf5 27. Bxf5 Rxb2 28.
fxg5 Rxd2 29. gxf6 Rxd1 30. Rxd1 Bxf5 31. gxf5 Rc4 32. Re1 Rxa4 33. Re6 Ra1+
34. Kf2 Ra2+ 35. Kg1 a4 36. Bxd6 Bxd6 37. Rxd6 a3 38. Rd8+ Kf7 39. Rd7+ Kxf6
40. Rxb7 Rb2  0-1